banner-ar

ابو لهب يعتنى باظافره : (Record no. 66551)

MARC details
000 -الفاتح
حقل البيانات ثابتة الطول 00651nam a22001937a 4500
005 - وقت وتاريخ اخر تعامل مع التسجيلة
رقم الضبط 20240530110925.0
008 - عناصر البيانات ثابتة الطول - معلومات عامة
حقل البيانات ثابتة الطول 220221s2008 ua c g b 000 0 ara d
020 ## - الرقم الدولى المعيارى للكتب
الرقم الدولى المعيارى للكتاب 9789776282179
040 ## - مصدر الفهرسة
وكالة الفهرسة الأصلية EG-CaGPL
وكالة النسخ EG-CaGPL
082 04 - رقم تصنيف ديوى العشرى
رقم الطبعة 21
رقم التصنيف 811.09 /
رقم المادة ع ا
100 0# - المدخل الرئيسى - إسم شخصى
الإسم الشخصى عبدالله الشوربجى
245 10 - بيان العنوان
العنوان ابو لهب يعتنى باظافره :
بقية العنوان شعر /
بيان المسئوليه,etc عبدالله الشوربجى
260 ## - PUBLICATION, DISTRIBUTION, ETC. (IMPRINT)
تاريخ النشر أو التوزيع 2008
300 ## - الوصف المادى
التعداد 95 ص؛
أبعاد الوعاء 20 سم
650 07 - المدخل الاضافى بالموضوع-مصطلح موضوعى
مصطلح موضوعي الشعر
مصدر الرأس أو المصطلح qrmak
650 07 - المدخل الاضافى بالموضوع-مصطلح موضوعى
مصطلح موضوعي الادب
مصدر الرأس أو المصطلح qrmak
942 ## - عناصر المدخل الإضافي( كوها)
مصدر التصنيف او مخطط الترفيف Dewey Decimal Classification
Koha [default] item type كتاب
260 ## - PUBLICATION, DISTRIBUTION, ETC. (IMPRINT)
-- القاهرة :
-- مركز نهر النيل للنشر ،
Holdings
حالة التراجع حالة الفقد حالة تلف ليس للاعارة المكان المؤقت الموقع الحالى موقع الترفيف تاريخ الاكتساب اجمالي اﻻعارات رقم الطلب الباركود تاريخ اخر مشاهدة تاريخ تفعيل السعر نوع وعاء كوها
        مكتبة القاهرة الكبرى مكتبة القاهرة الكبرى ق الرئيسية_الأداب_ك عربى 07/31/2022   811.09 / ع ا 168136 07/31/2022 07/31/2022 كتاب

Powered By

EGPV